| 000 | 00623nam a22002057a 4500 | ||
|---|---|---|---|
| 999 |
_c258864 _d258863 |
||
| 003 | OSt | ||
| 005 | 20200722111556.0 | ||
| 008 | 200722b xxu||||| |||| 00| 0 eng d | ||
| 020 | _aISBN-10: 1256331406; ISBN-13: 9781256331407 | ||
| 040 | _cn/a | ||
| 050 |
_aBF141 _b.S783 2007 |
||
| 100 | _aGreen Jeffery D.; Jody L. Davis and Susan Burns | ||
| 130 | _aPsychology | ||
| 245 |
_aStudy guide for Psychology _cJeffrey D. Green , Jody L. Davis , Susan Burns |
||
| 250 | _acustom edn | ||
| 260 |
_aToronto, Canada _bPearson Education, Inc _cc2007 |
||
| 300 |
_axii;370p _c28cm |
||
| 650 | _aPsychology | ||
| 942 |
_2lcc _cBK |
||